Statistics for Countries starting with I

Click here to take the quiz!

General Stats

  • This quiz has been taken 34 times
  • The average score is 7 of 8

Answer Stats

Answer% Correct
India
97%
Iran
94%
Iceland
90%
Iraq
90%
Ireland
90%
Italy
90%
Indonesia
87%
Israel
77%

Score Distribution

Percentile by Number Answered

Percent of People with Each Score

Your Score History

You have not taken this quiz